Welcome to CU Library Online Public Access Catalogue (OPAC)

Human biology / (Record no. 2268)

MARC details
000 -LEADER
fixed length control field 00549cam a22001934a 4500
001 - CONTROL NUMBER
control field 13857721
005 - DATE AND TIME OF LATEST TRANSACTION
control field 20241215134217.0
008 - FIXED-LENGTH DATA ELEMENTS--GENERAL INFORMATION
fixed length control field 050201s2005 maua b 001 0 eng
020 ## - INTERNATIONAL STANDARD BOOK NUMBER
International Standard Book Number 9780763728991
050 00 - LIBRARY OF CONGRESS CALL NUMBER
Classification number QP34.5
Item number .C4853 2005
082 00 - DEWEY DECIMAL CLASSIFICATION NUMBER
Classification number 612
Edition information 22
100 1# - MAIN ENTRY--PERSONAL NAME
Personal name Chiras, Daniel D.
245 10 - TITLE STATEMENT
Title Human biology /
Statement of responsibility, etc. Daniel D. Chiras.
250 ## - EDITION STATEMENT
Edition statement 5th ed.
260 ## - PUBLICATION, DISTRIBUTION, ETC.
Place of publication, distribution, etc. Boston :
Name of publisher, distributor, etc. Jones and Bartlett Publishers,
Date of publication, distribution, etc. c2005.
300 ## - PHYSICAL DESCRIPTION
Extent 1 v. (various pagings) :
Other physical details col. ill. ;
Dimensions 28 cm.
650 #0 - SUBJECT ADDED ENTRY--TOPICAL TERM
Topical term or geographic name entry element Human biology.
942 ## - ADDED ENTRY ELEMENTS (KOHA)
Source of classification or shelving scheme Library of Congress Classification
Koha item type Books
Edition 5th ed.
Suppress in OPAC No
999 ## -
-- 2268
-- 2268
Holdings
Withdrawn status Lost status Source of classification or shelving scheme Damaged status Not for loan Collection Home library Current library Shelving location Date acquired Total checkouts Full call number Barcode Date last seen Copy number Price effective from Koha item type
    Library of Congress Classification     Non-fiction Science Library (Miotso) Science Library (Miotso) General stacks 12/15/2024   QP34.5 CHI SLM00001549 12/15/2024 1 12/15/2024 Books
© 2023-2024 Copyright: Central University Libraries. All Rights Reserved | Created by: Mahone Tech Office